Представление документа в формате RUSMARC

ПолеНазваниеЗначение
  Тип записи a
  Библиографический уровень m
001 Контрольный номер RU/SLIB/B/208769368
005 Дата корректировки 20201206204255.4
010 Индекс ISBN __
d Цена 0-90
101 Язык документа 0_
a Язык текста rus
200 Заглавие и сведения об ответственности 1_
a Заглавие Талант (Жизнь Бережкова)
f Первые сведения об ответственности А. А. Бек ; редкол.: Н. Лойко и [др.] ; коммент. Т. Бек
b Общее обозначение материала Текст
210 Выходные данные __
a Место издания М.
c Издательство Худож. лит.
d Дата издания 1975
215 Физическое описание __
a Объем 543 с., [1] л. портр.
461 Уровень набора __
1 2001
a Собрание сочинений
v Т. 3
606 Тематические рубрики __
a Основная рубрика Художественная литература
606 Тематические рубрики __
a Основная рубрика Русская литература XX в. (произведения)
610 Ключевые слова __
a Ключевые слова романы; проза
686 Индексы других классификаций __
a Классификационный индекс 84(2Рос=Рус)6-4
700 Автор _1
a Фамилия Бек
b Имя А. А.
4 Код отношения 070
702 Вторичная интеллектуальная ответственность _1
a Фамилия Лойко
b Имя Н.
4 Код отношения Редколлегия
4 Код отношения 340
702 Вторичная интеллектуальная ответственность _1
a Фамилия Бек
b Имя Т.
4 Код отношения Комментатор печатного текста
4 Код отношения 212
801 Источник записи _0
a Страна RU
b Организация Муниципальное бюджетное учреждение культуры "Централизованная библиотечная система" г. Сургут (Центральная городская библиотека им. А. С. Пушкина)
g Правила каталогизации КиК/Михайлова
801 Источник записи _1
a Страна RU
b Организация Муниципальное бюджетное учреждение культуры "Централизованная библиотечная система" г. Сургут (Центральная городская библиотека им. А. С. Пушкина)
g Правила каталогизации КиК/Михайлова
852 Данные о местонахождении __
j Шифр хранения 84(2Рос=Рус)6-4
i Авторский знак Б 42
p Инвентарный номер 38483(с)
901 Тип документа __
t Тип документа m
990 Данные о заказе (DOS) __
j Количество экземпляров (DOS) 1
t N записи в КСУ для И/У (DOS) ретро